|
|
|
|
| LEADER |
00000nam0a2200000 4500 |
| 001 |
255266 |
| 005 |
20231101233017.0 |
| 010 |
|
|
|a 9781466580879
|
| 035 |
|
|
|a (RuTPU)RU\TPU\book\277771
|
| 090 |
|
|
|a 255266
|
| 100 |
|
|
|a 20140327d2013 k y0engy50 ba
|
| 101 |
0 |
|
|a eng
|
| 102 |
|
|
|a US
|
| 105 |
|
|
|a a z 001zy
|
| 200 |
1 |
|
|a Discrete-Time Inverse Optimal Control for Nonlinear Systems
|f E. N. Sanchez, F. Ornelas-Tellez
|
| 210 |
|
|
|a New York
|c Taylor & francis
|c CRC Press
|d 2013
|
| 215 |
|
|
|a 232 p.
|c il.
|
| 225 |
1 |
|
|a Sustem of Systems Engineering Series
|
| 320 |
|
|
|a References: p. 203-219.
|
| 320 |
|
|
|a Index: p. 221-232.
|
| 330 |
|
|
|a Optimal Control for Nonlinear Systems control for Nonlinear Systems proposes a novel inverse optimal control scheme for stabilization and trajectory tracking of discrete-time nonlinear systems. This avoids the need to solve the associated Hamilton-Jacobi-Bellman equation and minimizes a cost functional, resulting in a more efficient controller. The book presents two approaches for controller synthesis: the first based on passivity theory and the second on a control Lyapunov function (CLF). The synthesized discrete-time optimal controller can be directly implemented in real-time systems. The book also proposes the use of recurrent neural networks to model discrete-time nonlinear systems. Combined with the inverse optimal control approach, such models constitute a powerful tool to deal with uncertainties such as unmodeled dynamics and disturbances. The authors include a variety of simulations to illustrate the effectiveness of the synthesized controllers for stabilization and trajectory tracking of discrete-time nonlinear systems. An in-depth case study applies the control schemes to glycemic control in patients with type 1 diabetes mellitus, to calculate the adequate insulin delivery rate required to prevent hyperglycemia and hypoglycemia levels. The discrete-time optimal and robust control techniques proposed can be used in a range of industrial applications, from aerospace and energy to biomedical and electromechanical systems. Highlighting optimal and efficient control algorithms, this is a valuable resource for researchers, engineers, and students working in nonlinear system control.
|
| 606 |
1 |
|
|a Автоматические системы управления
|x Нелинейные
|2 stltpush
|3 (RuTPU)RU\TPU\subj\887
|9 29693
|
| 610 |
1 |
|
|a оптимальные системы
|
| 610 |
1 |
|
|a нелинейные системы
|
| 610 |
1 |
|
|a дискретные системы
|
| 610 |
1 |
|
|a оптимальные регуляторы
|
| 610 |
1 |
|
|a робастное управление
|
| 675 |
|
|
|a 681.511.4
|v 3
|
| 700 |
|
1 |
|a Sanchez
|b E. N.
|g Edgar N.
|
| 701 |
|
1 |
|a Ornelas-Tellez
|b F.
|g Fernando
|
| 801 |
|
1 |
|a RU
|b 63413507
|c 20140327
|
| 801 |
|
2 |
|a RU
|b 63413507
|c 20141211
|g RCR
|
| 942 |
|
|
|c BK
|
| 959 |
|
|
|a 44/20140311
|d 1
|e 0
|f ЧЗИЛ:1
|